Statistics for Countries With The Most Internet Users

Click here to take the quiz!

General Stats

  • This quiz has been taken 51 times
    (29 since last reset)
  • The average score is 16 of 20

Answer Stats

Answer% Correct
United States
100%
China
97%
United Kingdom
97%
Russia
93%
Brazil
90%
Canada
90%
France
90%
Germany
90%
India
90%
Japan
86%
Mexico
86%
Spain
86%
Indonesia
83%
Italy
83%
South Korea
76%
Turkey
76%
Nigeria
72%
Iran
59%
Philippines
52%
Vietnam
52%

Score Distribution

Percentile by Number Answered

Percent of People with Each Score

Your Score History

You have not taken this quiz since the last reset